00520nam a2200121Ia 4500008004100000020002200041041001200063100001500075245008400090260002700174440007600201650012100277231221s9999 xx 000 0 und d a978-1-4419-9428-8 aEnglish aTom Proulx 0aRotating Machinery, Structural Health Monitoring, Shock and Vibration, Volume 5 c2011bPraxisaNew York aConference Proceedings of the Society for Experimental Mechanics Series aMachinery and Machine Elements; Vibration, Dynamical Systems, Control; Quality Control, Reliability, Safety and Risk